000 01128nam a2200289 a 4500
001 000024014
005 20260313093410.0
008 110118s1987 dr 000 0 spa d
040 _aDO-SdBNP
_bspa
_cBNPHU
082 _a320.532
_bC468p
100 1 _aChapuseaux, Adalberto
_926963
245 1 3 _aEl por qué del bolshevikismo /
_cAdalberto Chapuseaux ; estudio de Alexis Viloria y Ángel Moreta.
260 _aSanto Domingo :
_bUASD,
_c1987.
300 _a214 p. ;
_c21 cm.
490 1 _aPublicaciones de la Universidad Autónoma de Santo Domingo
_v579
490 1 _aClásicos del pensamiento universal
_v2
504 _aIncluye bibliografía y notas al pie de páginas.
590 _aInventariado, 2018/ YL
650 4 _aComunismo
_92880
650 4 _aComunismo
_zRusia
_95326
650 0 _aCiencias políticas
_92426
650 4 _aPolítica internacional
_92879
651 0 _aRepública Dominicana
_xPolítica y gobierno
_945
830 0 _aPublicaciones de la Universidad Autónoma de Santo Domingo
_n579
_949351
830 0 _aClásicos del pensamiento universal
_n2
_949352
910 _aValidado. Control de calidad EMS.
999 _c23509
_d23509